000 01272nam a22002897a 4500
003 OSt
005 20260306234954.0
008 260305b |||||||| |||| 00| 0 eng d
040 _bEnglish.
_cCvSU-CCAT Campus Library.
_erda.
050 _aUM HF 5549.5.E53
_bB85 2023
100 _aBulan, Reychelle T., author.
_918891
245 _aEmployee retention management practices of selected convenience stores in Cavite /
_cReychelle T. Bulan, Samuel Jr. B. Leyson, Veronian P. Rodriguez.
260 _aRosario, Cavite :
_bCavite State University-CCAT Campus,
_c2023.
300 _axi, 90 leaves :
_billustrations ;
_c28 cm
500 _aUndergraduate Thesis (BSBA)--Cavite State University-CCAT Campus, 2023.
504 _aIncludes bibliographical references and appendices.
546 _aIn English text
650 _aEmployee retention
_918892
650 _aConvenience stores -- Personnel management
_918893
650 _aEmployee motivation
_99546
650 _aPersonnel management
_9133
650 _aCavite (Philippines) -- Commerce
_918868
700 _aLeyson, Samuel Jr. B., author.
_918894
700 _aRodriguez, Veronian P., author.
_918895
942 _2lcc
_cT/M/D
_hHF 5549.5.E53 B85 2023
_kUM
999 _c4793
_d4793